SŠA: liberalizm kak istoričeskaja al'ternativa socializmu.
USA sú jedinou krajinou z rozvinutých krajín Západu, kde sa socialistické hnutie nestalo významnou silou. Kritické hodnotenie príčin tohto sociálneho javu a záver, že v tomto prípade zohral osobitne významnú úlohu americký liberalizmus ako historická alternatíva socializmu.
Guardado en:
| Autor principal: | |
|---|---|
| Formato: | Capítulo de libro |
| Lenguaje: | ruso |
| Materias: | |
| Etiquetas: |
Sin Etiquetas, Sea el primero en etiquetar este registro!
|
MARC
| LEADER | 00000naa a2200000 4500 | ||
|---|---|---|---|
| 001 | r005798 | ||
| 005 | 20221130103739.2 | ||
| 041 | 0 | |a rus | |
| 044 | |a [SU] | ||
| 245 | 1 | 0 | |a SŠA: liberalizm kak istoričeskaja al'ternativa socializmu. |c V. Sogrin |
| 520 | |a USA sú jedinou krajinou z rozvinutých krajín Západu, kde sa socialistické hnutie nestalo významnou silou. Kritické hodnotenie príčin tohto sociálneho javu a záver, že v tomto prípade zohral osobitne významnú úlohu americký liberalizmus ako historická alternatíva socializmu. | ||
| 610 | 2 | 0 | |a USA |
| 610 | 2 | 0 | |a socializmus |
| 610 | 2 | 0 | |a liberalizmus |
| 100 | 1 | |a Sogrin, V. | |